Geografía y violencia : (Record no. 200216)

MARC details
000 -CABECERA
campo de control de longitud fija 00831nam a2200241 a 4500
005 - FECHA Y HORA DE LA ÚLTIMA TRANSACCIÓN
campo de control 20231017063724.0
008 - ELEMENTOS DE LONGITUD FIJA--INFORMACIÓN GENERAL
campo de control de longitud fija 181128s2018 mx r 000 0 spa d
020 ## - NÚMERO INTERNACIONAL NORMALIZADO PARA LIBROS
Número Internacional Estándar del Libro 9786073001489 (UNAM)
020 ## - NÚMERO INTERNACIONAL NORMALIZADO PARA LIBROS
Número Internacional Estándar del Libro 9786079794903 (Monosílabo)
035 ## - NÚMERO DE CONTROL DEL SISTEMA
Número de control de sistema UPN01000228121
049 ## - COLECCIÓN
Colección CG
050 #4 - SIGNATURA TOPOGRÁFICA DE LA BIBLIOTECA DEL CONGRESO
Número de clasificación GF71
Número de documento/Ítem G6.4
100 1# - ASIENTO PRINCIPAL--NOMBRE PERSONAL
Nombre de persona González Luna, Fabián
9 (RLIN) 42473
245 10 - MENCIÓN DE TÍTULO
Título Geografía y violencia :
Resto del título una aproximación conceptual al fundamento espacial de la violencia estructural /
Mención de responsabilidad, etc. Fabián González Luna.
260 ## - PUBLICACIÓN, DISTRIBUCIÓN, ETC.
Lugar de publicación, distribución, etc. México :
Nombre del editor, distribuidor, etc. UNAM :
-- Monosílabo,
Fecha de publicación, distribución, etc. 2018.
300 ## - DESCRIPCIÓN FÍSICA
Extensión 214 p. :
Otras características físicas il., cuadros
440 #0 - MENCIÓN DE SERIE/ASIENTO SECUNDARIO--TÍTULO
Título Espacio, dominacion y violencia
650 #4 - ASIENTO SECUNDARIO DE MATERIA - TERMINO TEMATICO
Término de materia o nombre geográfico como elemento de entrada VIOLENCIA -
Subdivisión general ASPECTOS AMBIENTALES
9 (RLIN) 27333
650 #4 - ASIENTO SECUNDARIO DE MATERIA - TERMINO TEMATICO
Término de materia o nombre geográfico como elemento de entrada Violencia
Subdivisión general Aspectos sociales
9 (RLIN) 11721
650 #4 - ASIENTO SECUNDARIO DE MATERIA - TERMINO TEMATICO
Término de materia o nombre geográfico como elemento de entrada VIOLENCIA URBANA
9 (RLIN) 27335
905 ## - TIPO DE MATERIAL
Tipo de material Libro
Holdings
Estado de retiro Estado de pérdida Fuente del sistema de clasificación o colocación Estado dañado No para préstamo Código de colección Localización permanente Ubicación/localización actual Ubicación en estantería Total de préstamos Clasificación Código de barras Fecha visto por última vez Número de copia Tipo de ítem Koha
    Library of Congress Classification     Colección General Bib. Gregorio Torres Quintero Bib. Gregorio Torres Quintero Planta baja 1 GF71 G6.4 328100 31/12/2020 1 Libro
    Library of Congress Classification     Colección General Bib. Gregorio Torres Quintero Bib. Gregorio Torres Quintero Planta baja 1 GF71 G6.4 328101 31/12/2020 1 Libro